Eyes to behold him. (Record no. 13675)

000 -LEADER
fixed length control field 00634nam a2200205 a 4500
001 - CONTROL NUMBER
control field :::00011498$&:&@@
003 - CONTROL NUMBER IDENTIFIER
control field OkBaRHE
005 - DATE AND TIME OF LATEST TRANSACTION
control field 20000607103409.0
008 - FIXED-LENGTH DATA ELEMENTS--GENERAL INFORMATION
fixed length control field s1973 j 000 0 eng u
040 ## - CATALOGING SOURCE
Transcribing agency
100 1# - MAIN ENTRY--PERSONAL NAME
Personal name Gaydos, Michael and Bixler, Russell.
245 10 - TITLE STATEMENT
Title Eyes to behold him.
250 ## - EDITION STATEMENT
Edition statement [1st ed.]
260 ## - PUBLICATION, DISTRIBUTION, ETC. (IMPRINT)
Place of publication, distribution, etc Carol Stream, IL., :
Name of publisher, distributor, etc Creation House
Date of publication, distribution, etc 1973
300 ## - PHYSICAL DESCRIPTION
Extent 139 p. ;
Dimensions 21 cm.
650 ## - SUBJECT ADDED ENTRY--TOPICAL TERM
Topical term or geographic name as entry element Gaydos, Michael.
700 ## - ADDED ENTRY--PERSONAL NAME
Personal name Bixler, R. Russell, Joint author.
942 ## - ADDED ENTRY ELEMENTS (KOHA)
Source of classification or shelving scheme
Koha item type Books
Copies
Price effective from Withdrawn status Shelving location Permanent Location Damaged status Copy number Lost status Full call number Source of classification or shelving scheme Date last seen Barcode Koha item type Not for loan Date acquired
2010-04-14 General StacksRHEMA Bible Training College 1 BX 4705 .G2693A33 2010-04-1411498Books 2010-04-14